00690nam a2200205 a 450000100060000000300090000600800410001502000150005604000280007108200180009910000240011724500140014126000560015530000110021159000490022265000310027194200120030299900170031495201530033116111CO-ViMGA141112s2004 ck r 000 u spa d a8476729154 aCO-ViMGAbspacCO-ViMGA04a891.863 K134a1 aKafka, Franz92303810aAmérica aBarcelona (España) : bEdicomunicación s.a.1999 a287.p. aForma de adquisición : Premio - Mincultura14aNOVELA CHECOSLOVACA923039 2ddccBK c26036d26036 00102ddc40708003aMEVIECARbMEVIECARd2015-12-04hVolumen. 1 | 11/jun/2009l0o891.863 K134a p16111r2015-12-04 00:00:00tEj. 1w2015-12-04yBK